000 00287nam a2200121Ia 4500
008 190722s9999 xx 000 0 und d
020 _a978-81-8487-336-8
100 _aA.K.Saxena
245 0 _aMathematical Physics
260 _aNew Delhi
_bNarosa
_c2015
300 _a530
942 _cBK
999 _c1075
_d1075